000 00582nam a2200181Ia 4500
008 090201s9999 xx 000 0 und d
010 _aKPL-65588
040 _bमराठी
041 _aमराठी
082 _a3150
_b65588
100 _aश्री शं खानवेलकर
245 _aयोगमाया
_cश्री शं खानवेलकर
250 _a1
260 _c1978
_bवोरा अॅण्ड कंपनी पब्लिशर्स
300 _a220
_bमध्यम
600 _aयोगमाया
942 _cBOOK
999 _c204252
_d204252